000 00449nam a2200145Ia 4500
003 OSt
005 20260129142455.0
008 211028s2018 xx 000 0 und d
040 _cAIMIT LIBRARY
041 _aeng
100 _aJose, Nimmy; James, Justine P.
_g1616126
_97881
245 _aStudy on workplace stress with reference to nokia solutions and networks pvt ltd Chennai /
260 _aMangalore
_bJustine P James.
_c2018
942 _2ddc
_cPRO
999 _c219449
_d219449